18/19 NBA Season Top 10 Contenders - Statistics

General Stats
  • This quiz has been taken 57 times
    35 since last reset
  • The average score is 8 of 10
Answer Stats
Rank Answer % Correct
1 Golden Sate Warriors
97%
7 Toronto Raptors
97%
2 Boston Celtics
94%
3 Houston Rockets
94%
4 Los Angeles Lakers
94%
5 Philadelphia 76ers
90%
6 Oklahoma City Thunder
84%
9 San Antonio Spurs
74%
10 Utah Jazz
71%
8 Minnesota Timberwolves
55%
No matching quizzes found
Score Distribution
Percent of People with Each Score
Percentile by Number Answered
Your Score History
You have not taken this quiz since the last reset